| 000 | 00516nam a2200169 i 4500 | ||
|---|---|---|---|
| 001 | 71000 | ||
| 003 | ES-MaACL | ||
| 005 | 20230906171004.0 | ||
| 007 | t| | ||
| 008 | 040804s1943 sp ||||1| spa d | ||
| 100 | 1 |
_aGascón y Marín, José. _955866 |
|
| 245 | 1 | 0 |
_aTratado de Derecho Administrativo _b: principios y legislación española / _cpor José Gascón y Marín. |
| 250 | _a8ª ed. rev. | ||
| 260 |
_aMadrid : _b[s.n., _c1943] ( _fC. Bermejo) |
||
| 300 |
_a2 v. ; _c24 cm. |
||
| 852 |
_aES-MaACL _jB-10438-39 |
||
| 999 |
_c71000 _d71000 |
||